000 00550nam a2200193Ia 4500
005 20260120130726.0
008 008 260114s9999 xx 000 0 eng d
020 _a9780191698293
037 _aEBOOK
040 _aCRL
_beng
_cCRL
041 _aeng
_2eng
084 _qCRL
100 _aMinter
_9918472
245 4 _aThe Mind—Body Problem in German Literature 1770-1830
260 _bOxford University PressOxford University Press
_c2011
856 _uhttps://academic.oup.com/book/4443
942 _cEBOOK
999 _c1510377
_d1510377